000
00330nam a22001457a 4500
003
OSt
008
250505b |||||||| |||| 00| 0 eng d
100
_a
SWAMI,Tulsiram
245
_a
Shrimadh Bhagwadgeeta
250
_a
12th
260
_a
New Delhi
_b
Arya Prakashan
_c
2012
300
_a
168
650
_a
General
942
_2
ddc
_c
BK
999
_c
13511
_d
13511